Vista normal
Vista MARC
Entrada Materia (corporativa)
Número de registros utilizados en: 1
001 - CONTROL NUMBER
- control field: 174251
003 - CONTROL NUMBER IDENTIFIER
- control field: Co-BoUCM
005 - DATE AND TIME OF LATEST TRANSACTION
- control field: 20220422065920.0
008 - FIXED-LENGTH DATA ELEMENTS
- fixed length control field: 220422|| aca||aabn | a|a d
040 ## - CATALOGING SOURCE
- Original cataloging agency: Co-BoUCM
- Transcribing agency: Co-BoUCM
110 ## - HEADING--CORPORATE NAME
- Corporate name or jurisdiction name as entry element: The Prince's Foundation School of Traditional Arts
670 ## - SOURCE DATA FOUND
- Source citation: Work cat.: (Co-BoUCM)320956: Arts & crafts of the Islamic lands, 2013